00980nam a2200277Ia 4500001001000000003000500010008004100015010001100056040000900067082001400076100004000090245011700130260005700247300001100304650003200315650003100347710004400378901001400422902000600436905006300442910000900505942000900514942001200523999001900535952014800554Para_9219CHAP220125s2002 xx 000 0 und d a207958 cCHAP a634.11 G6 aGómez Gómez, Alma Alicia949727 aEl abasto de manzana y lechuga en los autoservicios de la ciudad de México /c por Alma Alicia Gómez Gómez aChapingo, Méx. :b Universidad Autónoma Chapingo a214 p. aLechuga x mercadeo 965468 aManzana x mercadeo9707862 aUniversidad Autónoma Chapingo9143749 a634.11 G6 aM a0000002002 abn 0000000000 00 a2002 cPARA cPARAd1 c207958d207958 00102ddc40708GRALaPAbPAd2006-11-16i(PA_09025) (No. UACh C/E)l0o634.11 G6p4102003388r2022-01-25 00:00:00tEj.1w2022-01-25yLIBROz3